000 00496nam a2200181Ia 4500
001 13608
005 20260306164813.0
008 260306t2017||||xx |||||||||||||| ||spa||
041 _aESP
082 _a005.1
_bF317
100 _aFarcic, Viktor
_eAUT
245 4 _aThe devops 2.0 toolkit:
_bautomating the continuous deployment pipeline with containerized microservices
260 _c2017
300 _a406 páginas :
_c28 cm.
650 _aGEN
654 _aCCC
942 _cLIB
_dJUS
_fJUS
_2ddc
_n
999 _c13608
_d13608